Structural Material : (Record no. 594831)
[ view plain ]
| 000 -LEADER | |
|---|---|
| fixed length control field | 00439nam a22001457a 4500 |
| 020 ## - INTERNATIONAL STANDARD BOOK NUMBER | |
| International Standard Book Number | 978-3-030-26163-4 |
| 082 ## - DEWEY DECIMAL CLASSIFICATION NUMBER | |
| Classification number | 627.2 |
| Author Mark | ELO |
| 100 ## - MAIN ENTRY--PERSONAL NAME | |
| Personal name | Elorz, Jose Antonio Pero-Sanz |
| 245 ## - TITLE STATEMENT | |
| Title | Structural Material : |
| Remainder of title | Properties and Selection / |
| Statement of responsibility, etc. | Jose Antonio Pero-Sanz Elorz |
| 260 ## - PUBLICATION, DISTRIBUTION, ETC. | |
| Place of publication, distribution, etc. | Swizerland : |
| Name of publisher, distributor, etc. | Springer, |
| Date of publication, distribution, etc. | 2019. |
| 300 ## - PHYSICAL DESCRIPTION | |
| Extent | xii, 372 p : |
| 563 ## - BINDING INFORMATION | |
| Binding note | PB |
| 700 ## - ADDED ENTRY--PERSONAL NAME | |
| Personal name | Daniel Fernandez Gonzalez, |
| 942 ## - ADDED ENTRY ELEMENTS (KOHA) | |
| Source of classification or shelving scheme | |
| Koha item type | Book |
| 700 ## - ADDED ENTRY--PERSONAL NAME | |
| -- | 112494 |
| Withdrawn status | Lost status | Source of classification or shelving scheme | Damaged status | Not for loan | Permanent Location | Current Location | Shelving location | Date acquired | Total Checkouts | Full call number | Barcode | Date last seen | Price effective from | Koha item type |
|---|---|---|---|---|---|---|---|---|---|---|---|---|---|---|
| School of Mechanical & Manufacturing Engineering (SMME) | School of Mechanical & Manufacturing Engineering (SMME) | General Stacks | 05/22/2023 | 627.2 ELO | SMME-4387 | 05/22/2023 | 05/22/2023 | Book |
